54 Biggest Cities and Towns in Scotland Quiz Stats

Quiz not verified by Sporcle

Challenge
Share
Tweet
Embed
Score 0/54 Timer 10:00
0 Plays Today
Hint Answer % Correct
Glasgow
99.5%
Edinburgh
99.3%
Aberdeen
98.8%
Dundee
97.9%
Inverness
94%
Perth
88.9%
Ayr
85%
Stirling
83.9%
Paisley
82.7%
Dumfries
76.3%
Falkirk
76%
Livingston
75.3%
Dunfermline
73%
Hamilton
72.8%
Kilmarnock
72.1%
Motherwell
71.4%
East Kilbride
68.7%
Kirkcaldy
66.1%
Greenock
64.7%
Cumbernauld
64.5%
Dumbarton
62.7%
Airdrie
57.1%
Arbroath
56.9%
Elgin
56.7%
St Andrews
56.5%
Glenrothes
52.5%
Peterhead
51.4%
Hint Answer % Correct
Alloa
49.8%
Irvine
49.1%
Clydebank
45.4%
Coatbridge
44.9%
Renfrew
44%
Port Glasgow
40.3%
Musselburgh
34.1%
Rutherglen
33.6%
Bathgate
33.2%
Cambuslang
32.9%
Bearsden
32.7%
Wishaw
32.5%
Johnstone
30.6%
Newton Mearns
29.7%
Grangemouth
27.6%
Bellshill
25.6%
Barrhead
25.1%
Kirkintilloch
24.7%
Bishopbriggs
24%
Larkhall
23%
Kilwinning
20.3%
Blantyre
16.8%
Erskine
16.8%
Broxburn
16.6%
Penicuik
16.4%
Bonnyrigg
14.7%
Viewpark
11.1%

You're not logged in!

Compare scores with friends on all Sporcle quizzes.
Sign Up with Email
OR
Log In

You Might Also Like...

Show Comments

Extras

Top Quizzes Today


Score Distribution

Your Account Isn't Verified!

In order to create a playlist on Sporcle, you need to verify the email address you used during registration. Go to your Sporcle Settings to finish the process.

Report this User

Report this user for behavior that violates our Community Guidelines.

Details: